Qui a gagné ces combats dans One Piece ? - Statistiques

Statistiques générales
  • Ce quiz a été pris 181 fois
  • Le résultat moyen est 17 sur 20
Statistiques - réponses
Question Réponse % Correct
Shanks ou Kid ?
100%
Fourreau rouge ou Kaido ?
96%
Kuzan ou Crackers ?
96%
Zoro ou Lucci ? Egghead
96%
Kuina ou les escaliers ?
95%
Curiel ou Akainu ?
95%
Luffy ou Katakuri ?
95%
Law ou Doflamingo ?
94%
Rayleigh ou Sommers ?
94%
Roger ou Oden ?
93%
Imu ou Saturn ?
92%
Garp ou Marco ?
91%
Doflamingo ou Moria ?
91%
Jack ou Zunesha ?
89%
Kung-Fu Dugong ou Usopp ?
86%
Hancock ou Barbe Noire ?
86%
Magellan ou Barbe Noire ? 1er affrontement
77%
Ryokugyu ou King ?
65%
Akainu ou Barbe Blanche ?
50%
Kaido ou Luffy ? ( 2ème combat )
46%
Aucun quiz correspondant
Distribution des résultats
% des personnes avec chaque résultat
Percentile par nombre de réponses
Votre historique - résultats
Vous n’avez pas pris ce quiz